Nutrition and atherosclerosis

Αποθηκεύτηκε σε:
Λεπτομέρειες βιβλιογραφικής εγγραφής
Κύριος συγγραφέας: Katz, Louis Nelson
Μορφή: Βιβλίο
Γλώσσα:Undetermined
Έκδοση: Philadelphia Lea & Febiger 1958
Θέματα:
Ετικέτες: Προσθήκη ετικέτας
Δεν υπάρχουν, Καταχωρήστε ετικέτα πρώτοι!
Thư viện lưu trữ: Trung tâm Học liệu Trường Đại học Cần Thơ
LEADER 00511nam a2200181Ia 4500
001 CTU_126323
008 210402s9999 xx 000 0 und d
082 |a 616.32 
082 |b K11 
100 |a Katz, Louis Nelson 
245 0 |a Nutrition and atherosclerosis 
245 0 |c Louis N. Katz, Jeremiah Stamler, Ruth Pick 
260 |a Philadelphia 
260 |b Lea & Febiger 
260 |c 1958 
650 |a Arteriosclerosis,diet 
904 |i Nguyên 
980 |a Trung tâm Học liệu Trường Đại học Cần Thơ